What language did they speak? #5 - Statistics

General Stats
  • This quiz has been taken 188 times
  • The average score is 11 of 15
Answer Stats
Person Language % Correct
Arnold Schwarzenegger German
99%
Pablo Escobar Spanish
99%
Julius Caesar Latin
96%
Pyotr Ilyich Tchaikovsky Russian
93%
Ho Chi Minh Vietnamese
93%
Tom Brady English
92%
Erwin Rommel German
83%
MrBeast English
82%
Alex Ovechkin Russian
80%
Toussaint L'Ouverture Haitian Creole
53%
Sukarno Javanese
50%
Marty Walsh Irish
43%
Salman Rushdie Urdu
43%
Mansa Musa Malinke
39%
A. P. J. Abdul Kalam Tamil
14%
No matching quizzes found
Score Distribution
Percent of People with Each Score
Percentile by Number Answered
Your Score History
You have not taken this quiz